00410nam a2200145Ia 4500008004100000041000900041082001500050100002300065245001800088260003300106300000800139650000800147999001700155952009200172230718s9999 xx 000 0 und d aEng. a340bBHA-R aBharda, Laura Leam 0aRed and Green aPakistanbLising Pressc1997 a185 aLaw c28620d28620 00104070aSIRC-LbSIRC-Ld2023-07-18l0o340 BHA-Rp23571r2023-07-18w2023-07-18yBK